The Effect of imazapyr residue on the growth of young rubber (Record no. 70618)

MARC details
000 -LEADER
fixed length control field 00430nam a2200157Ia 4500
100 ## - MAIN ENTRY--AUTHOR NAME
Personal name Kuswanhadi Khaidir Amypalupy
245 #4 - TITLE STATEMENT
Title The Effect of imazapyr residue on the growth of young rubber
260 ## - PUBLICATION, DISTRIBUTION, ETC. (IMPRINT)
Name of publisher Bulletin Perkebunan Rakyat
Year of publication 1990
300 ## - PHYSICAL DESCRIPTION
Number of Pages 58-63
500 ## - GENERAL NOTE
General note Source Year: 1992
650 ## - SUBJECT ADDED ENTRY--TOPICAL TERM
Topical Term Young rubber
700 ## - ADDED ENTRY--PERSONAL NAME
Personal name Siswanto
856 ## - ELECTRONIC LOCATION AND ACCESS
Uniform Resource Identifier IRRDB
942 ## - ADDED ENTRY ELEMENTS (KOHA)
Koha item type Journals
Holdings
Withdrawn status Lost status Damaged status Not for loan Home library Current library Date acquired Serial Enumeration / chronology Koha item type
      Journals RRII Library RRII Library 17/12/2021 Volume 6, Issue 2 Journals